| 000 | 00637nam a2200217Ia 4500 | ||
|---|---|---|---|
| 003 | OSt | ||
| 005 | 20250918193607.0 | ||
| 008 | 210423s1995 xx 000 0 und d | ||
| 040 | _cAL | ||
| 041 | _aEnglish | ||
| 082 |
_a305.4 _bKANS |
||
| 100 |
_aAsha S Kanwar _9110357 |
||
| 245 |
_aSpeaking for ourselves _b: women and distance education in india |
||
| 260 |
_aNew Delhi _bManohar Publications _c1995 |
||
| 365 |
_b350 _cINR |
||
| 650 |
_aSociology _9110358 |
||
| 650 |
_aWomen Studies _9110359 |
||
| 700 |
_aJagannathan, Neela _9239467 |
||
| 906 | _adistance ; education ; india ; ourselves:women ; Speaking | ||
| 942 |
_2ddc _cBK |
||
| 999 |
_c172683 _d172683 |
||